Statistics for Countries with a low per capita police force

Click here to take the quiz!

General Stats

  • This quiz has been taken 76 times
  • The average score is 14 of 30

Answer Stats

Per 100,000Answer% Correct
217 OceaniaAustralia
66%
58 AfricaNiger
66%
202 North AmericaCanada
63%
211 EuropeIceland
63%
48 AfricaMali
63%
208 EuropeSweden
60%
205 AfricaNigeria
58%
120 AsiaChina
54%
143 EuropeFinland
54%
198 AfricaSomalia
54%
105 OceaniaPapua New Guinea
51%
100 AfricaGuinea
49%
130 AsiaIndia
49%
72 AfricaTogo
49%
81 AfricaKenya
48%
83 AsiaBangladesh
45%
94 AfricaGhana
45%
197 AsiaJapan
45%
207 AsiaPakistan
45%
116 AfricaLesotho
43%
195 AsiaSouth Korea
39%
80 AsiaIran
36%
108 AfricaLiberia
34%
221 EuropeSwitzerland
34%
191 OceaniaMarshall Islands
31%
66 AfricaComoros
24%
118 North AmericaHaiti
24%
195 EuropeLatvia
22%
146 AsiaPhilippines
22%
154 AsiaBurma
21%

Score Distribution

Percentile by Number Answered

Percent of People with Each Score

Your Score History

You have not taken this quiz